000 00757nam a2200241Ia 4500
999 _c35994
_d35994
001 1893
003 GE_BSU
005 20221010141338.0
008 181216s2006ru xx |||||||||||||| ||rus||
020 _a532951230
040 _cGE_BSU
041 _arus
080 _a344(075.8) М-57
100 _aМигачев,Ю.И.
_915192
245 _aВоенное право :
_bУчебник /
_cЮ.И. Мигачев, С.В. Тихомиров.
264 _aМосква :
_bЮритинформ,
_c2005.
300 _a464 с.:
_b19 см.
653 _aВонное право
653 _aსამხედრო სამართალი
653 _aსამართალი
700 _aихомиров, С.В.
_915193
942 _cBK
_2udc